Geography - Multiple Choice - Which Doesn't Belong? - Statistics

General Stats
  • This quiz has been taken 204 times
  • The average score is 4 of 10
Answer Stats
Question Answer % Correct
Arkansas, Kiribati Kiribati
58%
France, Spain Spain
54%
Austria, Iceland Iceland
53%
China, Japan China
39%
Seattle, Vancouver Seattle
37%
Hyde Park, Green Park Hyde Park
32%
North Pole, South Pole North Pole
31%
Australia, New Zealand Australia
28%
Liverpool, Ullapool Liverpool
23%
Russia, Russha Russia
21%
No matching quizzes found
Score Distribution
Percent of People with Each Score
Percentile by Number Answered
Your Score History
You have not taken this quiz